000 00452nam a22001697a 4500
003 CEME
005 20210628203407.0
008 210118b xxu||||| |||| 00| 0 eng d
020 _a0-645-4880-8
040 _cceme
082 _a004.68 BYR
100 _aByrne, Joseph, Mcmichael, Gilster, Russell, James
_965162
245 _aNetwork +, certification bible
260 _aNEW YORK
_bBIBLE PUBLISHER
_c2002
300 _aXXIX,701P
942 _cBK
_2ddc
999 _c573462
_d573462